Design Concepts for Architecture at Historic Sites

Enregistré dans:
Détails bibliographiques
Auteur principal: Strike, James (Auteur)
Format: Livre
Langue:anglais
Publié: Bratislava : STU v Bratislave FA, 1999
Sujets:
Tags: Ajouter un tag
Pas de tags, Soyez le premier à ajouter un tag!

MARC

LEADER 00000nam a22000003a 4500
001 stu61510
005 20150617225651.0
008 011023s1999------------------------eng-d
040 |a STU  |b slo 
041 0 |a eng 
100 1 |a Strike, James  |4 aut 
245 1 |a Design Concepts for Architecture at Historic Sites 
260 |a Bratislava :  |b STU v Bratislave FA,  |c 1999 
300 |a 151 s 
650 7 |a historické centrá  |2 stusub 
996 |b 284AB00344  |c A*80 V  |l AAKNST  |s P  |a 0  |w stu61510_0001